Państwa w których żyje najwięcej Polaków - Statystyki

Ogólne statystyki
  • Ten quiz został rozwiązany 806 razy
  • Średni wynik to 15 z 20
Statystyki odpowiedzi
Lp. Liczba Polaków Państwo % Poprawnych
3. 2 253 000 Niemcy
98%
2. 10 600 000 Stany Zjednoczone
97%
1. 37 394 000 Polska
94%
10. 273 000 Rosja
87%
6. 1 000 000 Francja
85%
14. 144 130 Ukraina
85%
7. 682 000 Wielka Brytania
85%
4. 1 800 000 Brazylia
83%
20. 63 000 Hiszpania
82%
5. 1 010 705 Kanada
82%
17. 97 000 Włochy
78%
18. 75 323 Szwecja
74%
13. 183 000 Litwa
72%
16. 108 255 Norwegia
72%
8. 500 000 Argentyna
68%
9. 288 000 Białoruś
63%
15. 112 500 Irlandia
58%
19. 69 898 Austria
54%
11. 216 056 Australia
51%
12. 202 300 Izrael
13%
Nie znaleziono quizów pasujących do podanych kryteriów
Rozkład punktacji
Procent ludzi z każdym wynikiem
Percentyl według liczby udzielonych odpowiedzi
Twoja historia wyników
Nie rozwiązałeś tego quizu